banner koha

Efeito de doses de nitrogenio e alturas de corte sobre o rendimento, qualidade e reserva de glicidios de Setaria anceps Stapf. cv. Kazungula, no segundo ano de utilizacao (Registro n. 114087)

MARC details
000 -LÍDER
campo de controle de tamanho fixo 01165nas a2200301 4500
001 - NÚMERO DE CONTROLE
campo de controle BR8401250
003 - IDENTIFICADOR DO NÚMERO DE CONTROLE
campo de controle BR-BrBNA
005 - DATA E HORÁRIO DA ÚLTIMA TRANSAÇÃO
campo de controle 20231205085826.0
007 - CAMPO FIXO DE DESCRIÇÃO FÍSICA--INFORMAÇÃO GERAL
campo de controle de tamanho fixo ta
008 - CAMPO DE DADOS FIXOS--INFORMAÇÃO GERAL
campo de controle de tamanho fixo 230509b bl.|||p| |||| 00| 00por d
040 ## - FONTE DA CATALOGAÇÃO
Instituição da catalogação original BR-BrBNA
Idioma da catalogação por
Instituição que transcreveu o registro Biblioteca Nacional de Agricultura
041 ## - CÓDIGO DE IDIOMA
Código do idioma do texto/trilha sonora ou título diferente (Pt)
072 ## - CÓDIGO DE CATEGORIA DE ASSUNTO
Código de Categoria de Assunto F60; F25
100 1# - ENTRADA PRINCIPAL--NOME PESSOAL
Nome pessoal Camargo, A.H.A.
100 1# - ENTRADA PRINCIPAL--NOME PESSOAL
Nome pessoal Santos, G.L. dos
245 1# - TÍTULO
Título Efeito de doses de nitrogenio e alturas de corte sobre o rendimento, qualidade e reserva de glicidios de Setaria anceps Stapf. cv. Kazungula, no segundo ano de utilizacao
Restante do título Parte de tese
246 1# - FORMA VARIANTE DO TÍTULO
Título/título abreviado Effect of nitrogen rates and cutting height on the yield, quality, and carbohydrate reserves of the Setaria anceps Stapf. cv. Kazungula in the second year of utilization
Restante do título [Part of thesis]
650 ## - ASSUNTO--TERMO TÓPICO
Cabeçalho tópico ou nome geográfico SETARIA
650 ## - ASSUNTO--TERMO TÓPICO
Cabeçalho tópico ou nome geográfico FERTILIZANTE NITROGENADO
650 ## - ASSUNTO--TERMO TÓPICO
Cabeçalho tópico ou nome geográfico ADUBACAO
650 ## - ASSUNTO--TERMO TÓPICO
Cabeçalho tópico ou nome geográfico ABSORCAO
650 ## - ASSUNTO--TERMO TÓPICO
Cabeçalho tópico ou nome geográfico CORTE
650 ## - ASSUNTO--TERMO TÓPICO
Cabeçalho tópico ou nome geográfico RENDIMENTO
650 ## - ASSUNTO--TERMO TÓPICO
Cabeçalho tópico ou nome geográfico MATERIA SECA
773 0# - ENTRADA ANALÍTICA
Título Revista do Centro de Ciencias Rurais (Brazil)
ISSN - International Standard Serial Number ISSN 0085-5961
Partes relacionadas (Jan 1983), v. 13(1) p. 7-17
Número de controle do registro BR8401250
909 ## -
-- 202311
-- Lúcia
-- 55
-- Lúcia Elande
942 ## - ELEMENTOS DE ENTRADA ADICIONADOS (KOHA)
Fonte da classificação ou esquema de arquivamento na estante Classificação AGRIS
Ocultar no OPAC Não
Tipo de material Koha Analítica
Exemplares
Situação do descarte Fonte da classificação ou esquema de arquivamento na estante Situação física Não pode ser emprestado Biblioteca de origem Biblioteca atual Localização na estante Enumeração do periódico / cronologia Total de empréstimos Data de último acesso Número do exemplar Tipo de material Koha Fonte de aquisição
  Classificação AGRIS   Consulta local Biblioteca Nacional de Agricultura - Binagri Biblioteca Nacional de Agricultura - Binagri   (Jan 1983), v. 13(1) p. 7-17   29/11/2023 01 Periódicos Portaria Interministerial nº 164/94

BINAGRI

Telefone: (61)3218-2567/2388/3357/2097 - binagri@agro.gov.br

Ministério da Agricultura e Pecuária , Esplanada dos Ministérios, Bloco D, Anexo B, Brasília/DF, CEP: 70.043-900